Central Library OPAC University of Rajshahi

الصديقة بنت الصديق.alsadiqat bint alsidiyq./ (Record no. 82571)

MARC details
000 -LEADER
fixed length control field 00762nam a2200217 u 4500
001 - CONTROL NUMBER
control field 82571
003 - CONTROL NUMBER IDENTIFIER
rucl marc code BD-RjUL
005 - DATE AND TIME OF LATEST TRANSACTION
control field 20231228142814.0
008 - FIXED-LENGTH DATA ELEMENTS--GENERAL INFORMATION
fixed length control field 231229s1949 ua 000 0 ara d
035 ## - SYSTEM CONTROL NUMBER
System control number (BD-RjUL)82571
040 ## - CATALOGING SOURCE
Original cataloging agency AAC
Language of cataloging eng
Transcribing agency BD-RjUL
041 ## - LANGUAGE CODE
Language code of text/sound track or separate title ara
082 ## - DEWEY DECIMAL CLASSIFICATION NUMBER
Classification number 297.63
Edition number 23
Author mark and year AKA 1949
100 1# - MAIN ENTRY--PERSONAL NAME
Personal name العقاد، عباس محمود،Al-Akkad, Abbas Mahmoud,
Dates associated with a name 1889-1964
9 (RLIN) 10774
245 12 - TITLE STATEMENT
Title الصديقة بنت الصديق.alsadiqat bint alsidiyq./
Statement of responsibility, etc. عباس محمود العقاد ;; Abbas Mahmoud Al-Akkad
260 ## - PUBLICATION, DISTRIBUTION, ETC. (IMPRINT)
Place of publication, distribution, etc. مصر :
Name of publisher, distributor, etc. دار المعارف،, ,
Date of publication, distribution, etc. 1949
300 ## - PHYSICAL DESCRIPTION
Pagination 142 ص. ;
Size 22 سم.
600 14 - SUBJECT ADDED ENTRY--PERSONAL NAME
Personal name عائشة بنت ابى بكر.
650 #4 - SUBJECT ADDED ENTRY--TOPICAL TERM
Topical term or geographic name as entry element عائشة أم المؤمنين
9 (RLIN) 10776
942 ## - ADDED ENTRY ELEMENTS (KOHA)
Source of classification or shelving scheme Dewey Decimal Classification
Koha item type Books
Holdings
Lost status Source of classification or shelving scheme Damaged status Not for loan Collection code Permanent Location Current Location Shelving location Date acquired Total Checkouts Full call number Date last seen Copy number Koha item type
  Dewey Decimal Classification   Not For Loan Non-fiction Central Library, University of Rajshahi Central Library, University of Rajshahi Reading Room 28/12/2023   A 297.63 AKA 1949 28/12/2023 C-1 Books